El Pensamiento vivo de Sandino
En este libro se analiza el pensamiento político, social y militar de Augusto César Sandino, a través de documentación diversa: las cartas al exterior, los manifiestos, las circulares enviadas a las autoridades, los comunicados, boletines, partes de guerra, la relación de hechos militares, los relat...
Uloženo v:
| Hlavní autor: | |
|---|---|
| Médium: | Text |
| Vydáno: |
San José:
EDUCA
|
| Vydání: | 2 |
| Témata: | |
| Tagy: |
Přidat tag
Žádné tagy, Buďte první, kdo vytvoří štítek k tomuto záznamu!
|
MARC
| LEADER | 00000 a a2200000 04500 | ||
|---|---|---|---|
| 001 | 13418 | ||
| 003 | |||
| 040 | |||
| 090 | |a EXTRAVIADO | ||
| 100 | |a Ramírez Mercado, Sergio | ||
| 245 | |a El Pensamiento vivo de Sandino | ||
| 250 | |a 2 | ||
| 260 | |a San José: |b EDUCA | ||
| 300 | |a 348 p. | ||
| 520 | |a En este libro se analiza el pensamiento político, social y militar de Augusto César Sandino, a través de documentación diversa: las cartas al exterior, los manifiestos, las circulares enviadas a las autoridades, los comunicados, boletines, partes de guerra, la relación de hechos militares, los relatos autobiográficos y las entrevistas que diversos periodistas le realizaron. También contiene el Manifiesto de las minas de San Albino de 1927, en el cual expusó los motivos de la lucha que emprendía. LOB/mb | ||
| 650 | |a GUERRA | ||
| 650 | |a MOVIMIENTOS DE LIBERACION NACIONAL | ||
| 650 | |a DESARME | ||
| 650 | |a FUERZAS ARMADAS | ||
| 650 | |a RELACIONES EXTERIORES | ||
| 650 | |a INTERVENCION EXTRANJERA | ||
| 650 | |a PAZ | ||
| 650 | |a SOCIEDAD | ||
| 650 | |a LUCHA DE CLASES | ||
| 650 | |a AUGUSTO CESAR SANDINO | ||
| 650 | |a IDEOLOGIAS | ||
| 999 | |c 13548 |d 13548 | ||
